000 00742cab a2200241 4500
001 X2491
008 090401t1995 xxu||||| |||| 00| 0 eng d
035 _a(Sirsi) u24615
041 _aeng
245 _aJoyce v Liverpool CC; Wynne v Same
260 _c1995
350 _a0
490 _aWeekly Law Reports
_v1995 3 WLR 439-455(17)
520 _aCC 4 April 1995.
650 _aMANAGEMENT-DISPUTE AVOIDANCE, MANAGEMENT AND RESOLUTION-DISPUTE MANAGEMENT AND RESOLUTION-ARBITRATION
650 _aLANDLORD AND TENANT ACT 1985 S11
650 _aREPAIRING OBLIGATIONS
650 _aSMALL CLAIMS
650 _aSPECIFIC PERFORMANCE
690 _aLANDLORD AND TENANT-CASE LAW-RESIDENTIAL TENANCIES
942 _n0
948 _c04/03/1997
999 _c16513
_d16513